Štúdium reaktivity 5-alkylsubstituovaných izoxazolov v syntéze derivátov psammaplyzínov

Salvato in:
Dettagli Bibliografici
Autore principale: Sládková, Paula (Autore)
Altri autori: Ďurina, Lukáš (Relatore della tesi)
Natura: Manoscritto Libro
Lingua:slovacco
Pubblicazione: 2024
Soggetti:
Accesso online:http://is.stuba.sk/zp/portal_zp.pl?podrobnosti=172728
Tags: Aggiungi Tag
Nessun Tag, puoi essere il primo ad aggiungerne!!

MARC

LEADER 00000ntm a22000003a 4500
001 stuzp99307
003 SK-STU
005 20240622210824.5
007 ta
008 150427s2015----xo-----f-mn---000-0-slo-d
040 |a STU  |b slo 
041 0 |a slo 
100 1 |a Sládková, Paula  |u 048140  |4 aut  |U FCHPT Ústav organickej chémie, katalýzy a petrochémie  |T FCHPT Oddelenie organickej chémie  |X 117807  |U C8140  |Y 124  |7 117807 
242 0 1 |a Study of the reactivity of 5-alkylsubstituted isoxazoles in the synthesis of psammaplysins derivatives  |y eng 
245 1 0 |a Štúdium reaktivity 5-alkylsubstituovaných izoxazolov v syntéze derivátov psammaplyzínov 
260 |c 2024 
650 4 |a izoxazoly  |2 slo 
650 4 |a psammaplyzíny  |2 slo 
650 4 |a dihydroxylačné reakcie  |2 slo 
650 4 |a spiroizoxazolíny  |2 slo 
650 4 |a spiroisoxazolines  |2 eng 
650 4 |a psammaplysins  |2 eng 
650 4 |a isoxazoles  |2 eng 
650 4 |a dihydroxylation reactions  |2 eng 
700 1 |a Ďurina, Lukáš  |u 048140  |k Z1  |4 ths  |U FCHPT Ústav organickej chémie, katalýzy a petrochémie  |T FCHPT Oddelenie organickej chémie  |X 64975  |U C8140  |Y 124  |7 64975 
856 4 |u http://is.stuba.sk/zp/portal_zp.pl?podrobnosti=172728